Boletines de la Comisin̤ Colombiana de Juristas

Bibliographic Details
Format: eBook
Language:Spanish
Published: Bogot:̀ Comisin̤ Colombiana de Juristas, 2005 -
Subjects:
Online Access:Acceso restringido

MARC

LEADER 00000nam a22000007a 4500
005 20200304220047.0
007 cr|||| ||||
008 200304c20059999co zn|w s|||| 0|||b1spa d
035 |a 31177 
040 |a vLex 
090 |c 10180  |d 10180 
245 0 0 |a Boletines de la Comisin̤ Colombiana de Juristas  |h [Recurso electrn̤ico] / 
256 |a Servicio en ln̕ea 
260 |a Bogot:̀  |b Comisin̤ Colombiana de Juristas,  |c 2005 -  
300 |a 1 recurso electrn̤ico 
310 |a Irregular 
362 |a Nð 1-2005 (Ene. 2005) - 
506 1 |a Disponible solo en los productos indicados  |d vLex Global  |d vLex Global (Academic Edition, excluding Law Schools)  |d vLex Global (U.S. Academic Edition, Law Schools)  |d vLex Global (U.S. Academic Edition, excluding Law Schools)  |d vLex Global (Academic Edition, Law Schools) 
650 0 4 |a Derecho Constitucional  |z Colombia 
650 0 4 |a Derechos y Deberes fundamentales  |z Colombia 
740 0 |a vLex Revistas (Servicio en ln̕ea) 
856 4 0 |u http://vlex.com/source/boletines-de-la-comision-colombiana-de-juristas-31177  |z Acceso restringido 
942 |c REV 
999 0 |a Constitutional Law 
999 0 |a Fundamental Rights and Duties